LEADER 01535nas 2200457-a 450 001 996207795603316 005 20221206110647.0 035 $a(OCoLC)41138235 035 $a(CKB)991042754134468 035 $a(CONSER)sn-99003737- 035 $a(DE-599)ZDB1502141-5 035 $a(EXLCZ)99991042754134468 100 $a19990409a19999999 s-- a 101 0 $aeng 135 $aurcnu|||||||| 181 $ctxt$2rdacontent 182 $cc$2rdamedia 183 $acr$2rdacarrier 200 00$aCurrents in electronic literacy 210 $aAustin, TX $cComputer Writing and Research Lab, University of Texas at Austin$d1999- 300 $aTitle from title screen. 300 $aRefereed/Peer-reviewed 311 $a1524-6493 531 0 $aCurr. electron. lit. 606 $aRhetoric$xData processing$vPeriodicals 606 $aLiterature$xData processing$vPeriodicals 606 $aEducational technology$vPeriodicals 606 $aEducational technology$2fast$3(OCoLC)fst00903623 606 $aLiterature$xData processing$2fast$3(OCoLC)fst00999972 608 $aPeriodicals.$2fast 615 0$aRhetoric$xData processing 615 0$aLiterature$xData processing 615 0$aEducational technology 615 7$aEducational technology. 615 7$aLiterature$xData processing. 676 $a371 712 02$aUniversity of Texas at Austin.$bComputer Writing and Research Lab. 906 $aJOURNAL 912 $a996207795603316 996 $aCurrents in electronic literacy$92104245 997 $aUNISA LEADER 03103oam 22007335 450 001 9910973743903321 005 20240509102333.0 010 $a9786612725739 010 $a9781282725737 010 $a1282725734 010 $a9780821384206 010 $a0821384201 024 7 $a10.1596/978-0-8213-8419-0 035 $a(CKB)2670000000041497 035 $a(EBL)589797 035 $a(OCoLC)659562267 035 $a(SSID)ssj0000409802 035 $a(PQKBManifestationID)12128653 035 $a(PQKBTitleCode)TC0000409802 035 $a(PQKBWorkID)10348205 035 $a(PQKB)10467257 035 $a(MiAaPQ)EBC589797 035 $a(Au-PeEL)EBL589797 035 $a(CaPaEBR)ebr10408444 035 $a(CaONFJC)MIL272573 035 $a(The World Bank)ocn637709985 035 $a(US-djbf)16255526 035 $a(Perlego)1483548 035 $a(EXLCZ)992670000000041497 100 $a20100527d2010 uy 0 101 0 $aeng 135 $aurcn||||||||| 181 $ctxt$2rdacontent 182 $cc$2rdamedia 183 $acr$2rdacarrier 200 10$aBuilding broadband : $estrategies and policies for the developing world /$fYongsoo Kim, Tim Kelly, and Siddhartha Raja 205 $a1st ed. 210 1$aWashington, D.C. :$cWorld Bank,$dc2010. 215 $axxvii, 155 pages $cillustrations ;$d21 cm 300 $aDescription based upon print version of record. 311 08$a9780821384190 311 08$a0821384198 320 $aIncludes bibliographical references and index. 327 $aThe status and importance of broadband -- Rethinking broadband as an ecosystem -- Broadband market development in the Republic of Korea -- Experiences of other broadband leaders -- Strategies to build the broadband ecosystem -- Policies and programs to build broadband -- Building blocks for broadband. 330 $aThe year 2000 initiated a decade of spectacular growth in the information and communication technology sector in developing countries. Almost 75 percent of the world's mobile telephone subscriptions are in low- and middle-income countries, which have also promoted exciting innovations and realized significant economic development benefits. However, the adoption and use of broadband technology is another matter. Countries in North America and the European Union account for more than 50 percent of the world's 1 billion fixed and mobile broadband subscriptions, but South Asia and Sub-Saharan Afri 410 0$aWorld Bank e-Library. 606 $aInternet service providers$zKorea (South) 606 $aBroadband communication systems$zKorea (South) 615 0$aInternet service providers 615 0$aBroadband communication systems 676 $a384.3/3 700 $aKim$b Yongsoo$01814338 701 $aKelly$b Tim$g(Tim John Charles)$0865410 701 $aRaja$b Siddhartha$f1980-$01804343 801 0$bDLC 801 1$bDLC 801 2$bYDX 801 2$bYDXCP 801 2$bCDX 801 2$bDLC 906 $aBOOK 912 $a9910973743903321 996 $aBuilding broadband$94368164 997 $aUNINA LEADER 02896oas 2201165 a 450 001 9910143062503321 005 20251106213014.0 011 $a1878-7363 035 $a(DE-599)ZDB2166043-8 035 $a(DE-599)2166043-8 035 $a(OCoLC)54829631 035 $a(CONSER) 2012250736 035 $a(CKB)111079962192012 035 $a(EXLCZ)99111079962192012 100 $a20040329b20042004 sy 101 0 $aeng 135 $aurcn||||||||| 181 $ctxt$2rdacontent 182 $cc$2rdamedia 183 $acr$2rdacarrier 200 10$aDrug discovery today$iTargets 210 $a[Amsterdam] ;$a[New York] $cElsevier Science$d-2004 300 $aRefereed/Peer-reviewed 300 $a"Applications of genomics and proteomics." 311 08$a1741-8372 517 3 $aTargets 517 1 $aDDT. 606 $aDrugs$xDesign$vPeriodicals 606 $aGene therapy$vPeriodicals 606 $aMedical genetics$vPeriodicals 606 $aDrug Design 606 $aGenomics 606 $aProteomics 606 $aDrugs$xDesign$2fast$3(OCoLC)fst00898790 606 $aGene therapy$2fast$3(OCoLC)fst00939638 606 $aMedical genetics$2fast$3(OCoLC)fst01014133 606 $aMe?dicament$2rasuqam 606 $aThe?rapie ge?nique$2rasuqam 606 $aGe?ne?tique me?dicale$2rasuqam 608 $aPeriodical. 608 $aPeriodicals.$2fast 608 $aPeriodicals.$2lcgft 608 $aPe?riodique e?lectronique (Descripteur de forme)$2rasuqam 608 $aRessource Internet (Descripteur de forme)$2rasuqam 615 0$aDrugs$xDesign 615 0$aGene therapy 615 0$aMedical genetics 615 12$aDrug Design. 615 22$aGenomics. 615 22$aProteomics. 615 7$aDrugs$xDesign. 615 7$aGene therapy. 615 7$aMedical genetics. 615 17$aMe?dicament. 615 17$aThe?rapie ge?nique. 615 17$aGe?ne?tique me?dicale. 676 $a572.86 801 0$bOUN 801 1$bOUN 801 2$bOCLCQ 801 2$bCGU 801 2$bHNK 801 2$bOCL 801 2$bUQ1 801 2$bSYB 801 2$bHEBIS 801 2$bOCLCQ 801 2$bCUS 801 2$bUKMGB 801 2$bBUF 801 2$bOCLCQ 801 2$bOCLCF 801 2$bCOO 801 2$bVT2 801 2$bOCLCQ 801 2$bOCLCO 801 2$bOCLCQ 801 2$bU3W 801 2$bEZC 801 2$bOCLCO 801 2$bAU@ 801 2$bOCLCO 801 2$bWYU 801 2$bOCLCO 801 2$bAUD 801 2$bOCLCA 801 2$bTKN 801 2$bOCLCO 801 2$bBWN 801 2$bOCLCQ 801 2$bOCLCO 801 2$bQGK 801 2$bOCLCQ 801 2$bOCLKB 801 2$bOCLCL 801 2$bOCLCQ 906 $aJOURNAL 912 $a9910143062503321 996 $aDrug discovery today$9797890 997 $aUNINA